One Piece par la lettre X et Y - Statistiques

Statistiques générales
  • Ce quiz a été pris 156 fois
  • Le résultat moyen est 7 sur 10
Statistiques - réponses
Indice Réponse % Correct
Vaincu par Robin sur Skypiea Yama
97%
Fille de Kaido Yamato
96%
Capitaine des Rocks Xebec
94%
Père d'un mugiwara Yasopp
87%
Luffy/Baggy/Shanks/Teach Yonko
86%
Génération terrible X-Drake
79%
Une des Végapunk York
66%
Chasseur de prime Yosaku
50%
Grenouille à Water Seven Yokozuna
44%
Ancien capitaine de Brook Yorki
39%
Aucun quiz correspondant
Distribution des résultats
% des personnes avec chaque résultat
Percentile par nombre de réponses
Votre historique - résultats
Vous n’avez pas pris ce quiz